Социальная ответственность менеджмента: учебник для вузов

Bibliografiske detaljer
Andre forfattere: Горфинкель В. Я. Владимир Яковлевич (редактор), Базилевич А. И. Анна Игоревна
Summary:Исследуется социальная ответственность менеджмента в современном мире. Рассмотрены значение социальной ответственности менеджмента, история ее становления, содержание и опыт зарубежных стран; развитие в разных секторах и отраслях экономики, связь социальной ответственности менеджмента и этики бизнеса. Для студентов, обучающихся по направлению «Менеджмент», а также широкого круга специалистов, несущих социальную ответственность и читателей, интересующихся данной проблемой.
Sprog:russisk
Udgivet: Москва, ЮНИТИ, 2013
Fag:
Format: MixedMaterials Bog
KOHA link:https://koha.lib.tpu.ru/cgi-bin/koha/opac-detail.pl?biblionumber=240395

MARC

LEADER 00000nam0a2200000 4500
001 240395
005 20231101231735.0
010 |a 9785238024554 
035 |a (RuTPU)RU\TPU\book\261649 
090 |a 240395 
100 |a 20130620d2013 m y0rusy50 ca 
101 0 |a rus 
102 |a RU 
105 |a a j 001zy 
200 1 |a Социальная ответственность менеджмента  |e учебник для вузов  |f под ред. В. Я. Горфинкеля, А. И. Базилевич 
210 |a Москва  |c ЮНИТИ  |d 2013 
215 |a 287 с.  |c ил. 
320 |a Библиогр.: с. 282. 
330 |a Исследуется социальная ответственность менеджмента в современном мире. Рассмотрены значение социальной ответственности менеджмента, история ее становления, содержание и опыт зарубежных стран; развитие в разных секторах и отраслях экономики, связь социальной ответственности менеджмента и этики бизнеса. Для студентов, обучающихся по направлению «Менеджмент», а также широкого круга специалистов, несущих социальную ответственность и читателей, интересующихся данной проблемой. 
606 1 |a Менеджмент  |2 stltpush  |3 (RuTPU)RU\TPU\subj\42098  |9 61850 
610 1 |a управление 
610 1 |a менеджеры 
610 1 |a управленческая деятельность 
610 1 |a социальная ответственность 
610 1 |a история 
610 1 |a методология 
610 1 |a бизнес 
610 1 |a зарубежный опыт 
610 1 |a концепции 
610 1 |a стратегии 
610 1 |a приоритеты 
610 1 |a социальные программы 
610 1 |a нефинансовые корпорации 
610 1 |a прибыль 
610 1 |a распределение 
610 1 |a государственное управление 
610 1 |a страхование 
610 1 |a деловая этика 
610 1 |a профессиональная этика 
610 1 |a учебники 
686 |a У9(2)212я73  |v LBC/SL-A  |2 rubbk 
702 1 |a Горфинкель  |b В. Я.  |g Владимир Яковлевич  |4 340 
702 1 |a Базилевич  |b А. И.  |g Анна Игоревна  |4 340 
801 1 |a RU  |b 63413507  |c 20130620 
801 2 |a RU  |b 63413507  |c 20150622  |g RCR 
900 |a Менеджмент 
942 |c BK 
955 |l 8 
959 |a 35/20130213  |d 2  |e 400,00  |f ЧЗГЛ:1  |f АНЛ:1